Movies Quiz

Random Movies or Actor Quiz

Tom Cruise Character Match Quiz Stats

Quiz not verified by Sporcle

Challenge
Share
Tweet
Score 0/15 Timer 10:00
0 Plays Today
% Correct
Ethan Hunt
98%
Maverick
98%
Colonel Claus Von Stauffenberg
96.6%
Lt. Daniel Kaffee
95.3%
Lestat De Lioncourt
94.6%
Charlie Babbitt
94.6%
Stacee Jaxx
88.6%
Les Grossman
85.2%
% Correct
Chief John Anderton
83.2%
Dr. William Harford
81.2%
Joel Goodsen
78.5%
Ray Ferrier
74.5%
Joseph Donnelly
67.8%
Cage
67.8%
Steve Randle
64.4%

You're not logged in!

Compare scores with friends on all Sporcle quizzes.
Sign Up with Email
OR
Log In

You Might Also Like...

Show Comments

Extras

Top Quizzes Today


Score Distribution

Your Account Isn't Verified!

In order to create a playlist on Sporcle, you need to verify the email address you used during registration. Go to your Sporcle Settings to finish the process.